000 00700nam a2200205Ii 4500
003 JO-AjNU
008 230605s9999||||xx |||||||||||||| ||und||
040 _aJO-AjNU
_bara
_erda
_cJO-AjNU
041 _aara
050 1 4 _aB751.Z7 A496 1983
100 3 _aآل ياسين،جعفر,
_eauthor
_99986
245 0 0 _aالمنطق السينوي : عرض ودراسة للنظرية المنطقية عند ابن سينا
250 _aط1
264 3 1 _aبيروت:دار الافاق الجديدة ، 1983
300 _a193ص
336 _atext
_btxt
_2rdacontent
337 _aunmediated
_bn
_2rdamedia
338 _avolume
_bnc
_2rdacarrier
650 4 _aمنطق-علم-فلسفةاسلامية
_99987
999 _aA1579
_c5147
_d5147